Magyar Telekom Nyrt. gazdasági és pénzügyi elemzése

Bibliographic Details
Main Author: Diószegi Dániel
Other Authors: Harsányi Dr Gergely
Format: Thesis
Kulcsszavak:Vállalatértékelés
elemzés
tőkeköltség
Online Access:http://dolgozattar.uni-bge.hu/12165

MARC

LEADER 00000nta a2200000 i 4500
001 dolg12165
005 20170518085017.0
008 170518suuuu hu om 000 hun d
040 |a BGE Dolgozattár Repozitórium  |b hun 
041 |a hu 
100 1 |a Diószegi Dániel 
245 1 0 |a Magyar Telekom Nyrt. gazdasági és pénzügyi elemzése  |c Diószegi Dániel  |h [elektronikus dokumentum] 
246 1 1 |a Magyar Telekom Nyrt. gazdasági és pénzügyi elemzése 
695 |a Vállalatértékelés 
695 |a elemzés 
695 |a tőkeköltség 
700 1 |a Harsányi Dr Gergely  |e ths 
856 4 0 |u http://dolgozattar.uni-bge.hu/12165/1/Di%C3%B3szegi%20D%C3%A1niel%20szakdolgozat.pdf  |z Dokumentum-elérés